|
|
|
|
| LEADER |
00756nam a22001937a 4500 |
| 008 |
140911b xxu||||| |||| 00| 0 eng d |
| 020 |
|
|
|a 9788126439775
|
| 082 |
|
|
|a 928.9413 KHA
|
| 100 |
|
|
|a ഖാദര്, യു. എ.
|
| 240 |
|
|
|a Ormmakalude pagoda
|
| 245 |
|
|
|a ഓര്മ്മകളുടെ പഗോഡ /
|c യു. എ. ഖാദര്
|
| 250 |
|
|
|a 1st ed.
|
| 260 |
|
|
|a കോട്ടയം :
|b ഡി.സി. ബുക്സ്,
|c 2012.
|
| 300 |
|
|
|a 87p.
|
| 650 |
|
|
|a Memoirs
|
| 700 |
|
|
|a Khadar, U. A.
|
| 942 |
|
|
|2 ddc
|c BK
|
| 999 |
|
|
|c 7687
|d 7687
|
| 952 |
|
|
|0 0
|1 0
|2 ddc
|4 0
|6 928_941300000000000_KHA
|7 0
|9 10894
|a MAIN
|b MAIN
|d 2014-09-11
|e Current Books, Calicut (D. C. Books)
|g 65.00
|l 1
|o 928.9413 KHA
|p 11177
|r 2017-03-22
|s 2017-01-05
|t 1
|w 2014-09-11
|y BK
|